[Event "Moscow blitz"]
[Site "Moscow"]
[Date "1993.??.??"]
[Round "?"]
[White "Ivanchuk, Vassily"]
[Black "Karpov, Anatoly"]
[Result "0-1"]
[WhiteElo "2710"]
[BlackElo "2725"]

1.d4 Nf6 2.c4 e6 3.Nc3 Bb4 4.Qc2 O-O 5.a3 Bxc3+ 6.Qxc3 b6 7.Bg5 Bb7 8.Nf3 d6
9.Nd2 Nbd7 10.f3 h6 11.Bh4 Rc8 12.e4 e5 13.Bd3 Nxe4 14.Bxd8 Nxc3 15.Bh4 e4
16.Bc2 exf3 17.bxc3 Rce8+ 18.Kd1 fxg2 19.Rg1 Re3 20.Bf5 Bc6 21.a4 Nb8 22.Kc2 g6
23.d5 Bd7 24.Bxd7 Nxd7 25.Rxg2 Rfe8 26.Rf1 Nc5 27.Bf6 Re2 28.Rff2 Rxf2 29.Rxf2 Nxa4
30.Bd4 Nc5 31.Bxc5 bxc5 32.Rf1 Ra8  0-1

[Event "Moscow blitz"]
[Site "Moscow"]
[Date "1993.??.??"]
[Round "?"]
[White "Ivanchuk, Vassily"]
[Black "Ljubojevic, Ljubomir"]
[Result "0-1"]
[WhiteElo "2710"]
[BlackElo "2605"]

1.e4 c5 2.Nf3 d6 3.d4 cxd4 4.Nxd4 Nf6 5.Nc3 a6 6.Bc4 e6 7.O-O b5 8.Bb3 Bb7
9.Bg5 h6 10.Bxf6 Qxf6 11.f4 g6 12.f5 Bg7 13.Ncxb5 axb5 14.Nxb5 O-O 15.fxe6 Qe5
16.Nxd6 Rd8 17.Qf3 Qxd6 18.Qxf7+ Kh7 19.Qxb7 Qc5+ 20.Kh1 Ra7 21.e7 Re8 22.Qd5 Qxe7
23.c3 Rd7 24.Qc4 Qxe4 25.Qxe4 Rxe4 26.Rf2 Rde7 27.g3 Nd7 28.Kg2 Nc5 29.Bc2 Re3
30.Rd1 Ne4 31.Bxe4 R3xe4 32.Rd3 Rc4 33.Kf1 h5 34.Re2 Rf7+ 35.Kg2 Rc6 36.a3 Rb7
37.Rf3 Kh6 38.h4 Rcb6 39.Rff2 Bf6 40.Kh3  0-1

[Event "Moscow blitz"]
[Site "Moscow"]
[Date "1993.??.??"]
[Round "?"]
[White "Timman, Jan H"]
[Black "Ivanchuk, Vassily"]
[Result "1/2-1/2"]
[WhiteElo "2635"]
[BlackElo "2710"]

1.d4 Nf6 2.Nf3 d5 3.Bg5 Ne4 4.Bh4 c6 5.e3 Qb6 6.Qc1 Bf5 7.Bd3 e6 8.O-O Nd7
9.Nc3 Nxc3 10.bxc3 Qa5 11.c4 dxc4 12.Bxc4 Nb6 13.Bb3 Ba3 14.Qd1 O-O 15.Qe2 c5
16.c4 cxd4 17.exd4 Rac8 18.Ne5 f6 19.Ng4 Qa6 20.Ne3 Bg6 21.Qg4 f5 22.Qf3 f4
23.c5 fxe3 24.Bxe6+ Bf7 25.Bxc8 Bd5 26.Qh5 Bf7 27.Be6 Bxe6 28.cxb6 e2 29.Rfe1  1/2-1/2

[Event "Tilburg"]
[Site "Tilburg"]
[Date "1993.??.??"]
[Round "7"]
[White "Ivanchuk, Vassily"]
[Black "Karpov, Anatoly"]
[Result "1/2-1/2"]
[WhiteElo "2705"]
[BlackElo "2760"]

1.e4 c6 2.d4 d5 3.Nc3 dxe4 4.Nxe4 Nd7 5.Bc4 Ngf6 6.Ng5 e6 7.Qe2 Nb6 8.Bb3 h6
9.N5f3 a5 10.a3 a4 11.Ba2 c5 12.Bf4 Nbd5 13.Be5 Qa5+ 14.Nd2 b5 15.Nf3 b4
16.Bc4 Ba6 17.O-O bxa3 18.Rxa3 cxd4 19.Raa1 Be7 20.Nxd4 O-O 21.Nc6 Bxc4 22.Nxc4 Qb5
23.Nxe7+ Nxe7 24.Bd6 Rfe8 25.Rfe1 Nf5 26.Be5 Rec8 27.Na3 Qxe2 28.Rxe2 Nd7
29.Bc3 Nb6 30.f3 Nd5 31.Be1 Rab8 32.c3 Rb3 33.Ra2 Nfe3 34.Bf2 Nc4 35.Nxc4 Rxc4
36.g3 a3 37.Rxa3 Rxa3 38.bxa3 Rxc3 39.Ra2 Rxf3 40.a4 Nb4 41.Ra1 Na6 42.a5 Kf8
43.Kg2 Rf5 44.g4 Rg5 45.Kf3 h5 46.h3 Rb5 47.Ra3 Ke7 48.Be3 f6 49.Kg3 hxg4
50.hxg4 e5 51.Kf3 g6 52.Kg3 Ke6 53.Kf3 f5 54.Rc3 Kd5 55.Rd3+ Ke6 56.Rc3 Kd5
57.Rd3+ Kc6 58.Rc3+ Kb7 59.Bb6 Rb4 60.gxf5 gxf5 61.Bd8 Rd4 62.Rb3+ Kc8 63.Bf6 Rd5
64.Rb6 Nc7 65.a6 Kd7 66.a7 e4+ 67.Kf4 Ra5 68.a8=Q Nxa8 69.Rb7+ Ke6 70.Bd8  1/2-1/2

[Event "Amsterdam VSB"]
[Site "Amsterdam"]
[Date "1994.??.??"]
[Round "2"]
[White "Ivanchuk, Vassily"]
[Black "Timman, Jan H"]
[Result "1/2-1/2"]
[WhiteElo "2710"]
[BlackElo "2620"]

1.d4 Nf6 2.c4 e6 3.Nf3 b6 4.g3 Ba6 5.Nbd2 Bb7 6.Bg2 Be7 7.e4 Nxe4 8.Ne5 Bb4
9.Qg4 O-O 10.Bxe4 f5 11.Bxb7 fxg4 12.Bxa8 c6 13.O-O Qc7 14.Ne4 Be7 15.Rd1 Na6
16.Bxc6 dxc6 17.Bf4 Qb7 18.Nxg4 Nb4 19.Bd6 c5 20.Bxe7 Qxe4 21.Bxf8 Qxg4 22.Bd6 Nc2
23.dxc5 Nxa1 24.Rxa1 Qd4 25.Re1 bxc5 26.Be5 Qxc4 27.a3  1/2-1/2

[Event "Buenos Aires Sicilian"]
[Site "Buenos Aires"]
[Date "1994.??.??"]
[Round "7"]
[White "Ivanchuk, Vassily"]
[Black "Shirov, Alexei"]
[Result "1/2-1/2"]
[WhiteElo "2695"]
[BlackElo "2740"]

1.e4 c5 2.Nf3 Nc6 3.d4 cxd4 4.Nxd4 Nf6 5.Nc3 d6 6.Bg5 e6 7.Qd2 a6 8.O-O-O h6
9.Be3 Qc7 10.f4 Bd7 11.Be2 b5 12.Bf3 Rb8 13.Nxc6 Bxc6 14.Bd4 e5 15.Be3 Be7
16.Kb1 O-O 17.Rhe1 Nd7 18.Ne2 Nb6 19.Bxb6 Rxb6 20.Ng3 Bh4 21.Rf1 Bxg3 22.hxg3 Bb7
23.Qa5  1/2-1/2

[Event "Linares"]
[Site "Linares"]
[Date "1994.??.??"]
[Round "13"]
[White "Ivanchuk, Vassily"]
[Black "Illescas Cordoba, Miguel"]
[Result "1-0"]
[WhiteElo "2710"]
[BlackElo "2590"]

1.d4 Nf6 2.c4 c6 3.Nc3 d5 4.Nf3 e6 5.Bg5 dxc4 6.e4 b5 7.e5 h6 8.Bh4 g5 9.Nxg5 hxg5
10.Bxg5 Nbd7 11.g3 b4 12.Ne4 Nxe4 13.Bxd8 Kxd8 14.Bxc4 Nb6 15.Bd3 f5 16.Bxe4 fxe4
17.Qg4 Bd7 18.Qxe4 Kc7 19.O-O Be7 20.Rac1 Kb7 21.f4 Raf8 22.Rf3 Nd5 23.a3 Rhg8
24.axb4 Bxb4 25.Qh7 Kc7 26.Rf2 Kd8 27.Kh1 Rh8 28.Qd3 a5 29.Rfc2 Rh3 30.Rxc6 Rxf4
31.Qc2 Rf5 32.Rc8+ Ke7 33.Rg8 Rh7 34.Kg1 a4 35.Rb8 Rhf7 36.Rxb4 Rf1+ 37.Rxf1 Rxf1+
38.Kxf1 Ne3+ 39.Kf2 Nxc2 40.Rc4 Na1 41.h4 Be8 42.g4 Nb3 43.h5 Na5 44.Rc7+  1-0

[Event "PCA/Intel-GP"]
[Site "London"]
[Date "1994.??.??"]
[Round "1"]
[White "Akesson, Ralf"]
[Black "Ivanchuk, Vassily"]
[Result "1/2-1/2"]
[WhiteElo "2460"]
[BlackElo "2695"]

1.Nf3 d5 2.d4 Nf6 3.c4 e6 4.Nc3 Nbd7 5.cxd5 exd5 6.Bg5 Be7 7.e3 O-O 8.Qc2 Re8
9.Bd3 c6 10.O-O Nf8 11.Rab1 Ng6 12.b4 a6 13.a4 Bd6 14.b5 axb5 15.axb5 h6
16.Bxf6 Qxf6 17.Rfe1 Bg4 18.Nd2 Nh4 19.g3 Bh3 20.bxc6 bxc6 21.Bf1 Bf5 22.Bd3 Bh3
23.Bf1 Bf5 24.Bd3 Bh3  1/2-1/2

[Event "PCA/Intel-GP"]
[Site "London"]
[Date "1994.??.??"]
[Round "2"]
[White "Ivanchuk, Vassily"]
[Black "Tkachiev, Vladislav"]
[Result "1/2-1/2"]
[WhiteElo "2695"]
[BlackElo "2535"]

1.e4 g6 2.d4 Bg7 3.Nc3 d6 4.f4 Nf6 5.Be2 O-O 6.Be3 Nc6 7.e5 dxe5 8.fxe5 Nd5
9.Nxd5 Qxd5 10.Nf3 f6 11.exf6 Bxf6 12.O-O Bg4 13.h3 Bf5 14.c3 Rad8 15.Qb3 Be6
16.Nd2 Qxb3 17.axb3 Bd5 18.Bf3 Bxf3 19.Rxf3 e5 20.Ne4 Bg7 21.Rxf8+ Kxf8 22.Nc5 Kg8
23.Nxb7 Rb8 24.d5 Nd4 25.Bxd4 exd4 26.Rxa7 dxc3 27.bxc3 Bxc3 28.Kf1 Bd4 29.Ra4 Rxb7
30.Rxd4 Rxb3  1/2-1/2

[Event "Amber-rapid 3rd"]
[Site "Monte Carlo"]
[Date "1994.??.??"]
[Round "4"]
[White "Ivanchuk, Vassily"]
[Black "Karpov, Anatoly"]
[Result "0-1"]
[WhiteElo "2710"]
[BlackElo "2740"]

1.e4 c6 2.d4 d5 3.Nc3 dxe4 4.Nxe4 Nd7 5.Bc4 Ngf6 6.Ng5 e6 7.Qe2 Nb6 8.Bb3 h6
9.N5f3 a5 10.a3 c5 11.Bf4 a4 12.Ba2 Bd6 13.Bg3 cxd4 14.O-O-O Qc7 15.Nxd4 Bxg3
16.hxg3 O-O 17.Ngf3 Ra5 18.Rhe1 Nbd5 19.Ne5 b6 20.f4 Rc5 21.Qf2 h5 22.Kb1 g6
23.Ka1 Kg7 24.c4 Ne7 25.Nb5 Qb8 26.Qd4 Nf5 27.Qc3 Qb7 28.g4 Rxe5 29.Qxe5 hxg4
30.Nc3 Rh8 31.Ne4 Qe7 32.Rh1 Rh5 33.Bb1 Nh4 34.Qc3 e5 35.Nxf6 Kxf6 36.fxe5+ Kg7
37.e6+ f6 38.Rhe1 Nxg2 39.Bxg6 Rg5 40.Rg1 Kxg6 41.Qc2+ Kg7 42.Rxg2 Qxe6 43.Qxa4 Rc5
44.Qa7+ Qf7 45.Qxb6 Qxc4 46.Rh2 Be6 47.b3 Qc3+ 48.Rb2 Re5 49.Qb7+ Kg6 50.Rh1 Bf7
51.Qg2 f5 52.Qh2 Re1+ 53.Rxe1 Qxe1+ 54.Ka2 g3 55.Qh4 Qe3 56.a4 Bd5 57.Qd8 Be4
58.Rd2 Kh5 59.Rd7 Kg4 60.Rg7+ Kf3 61.Qh4 f4 62.Qh5+  0-1

[Event "Amber-blind 3rd"]
[Site "Monte Carlo"]
[Date "1994.??.??"]
[Round "4"]
[White "Karpov, Anatoly"]
[Black "Ivanchuk, Vassily"]
[Result "1/2-1/2"]
[WhiteElo "2740"]
[BlackElo "2710"]

1.d4 Nf6 2.c4 e6 3.Nf3 c5 4.Nc3 cxd4 5.Nxd4 a6 6.e3 b6 7.Be2 Bb7 8.O-O Be7
9.b3 O-O 10.Bb2 Nc6 11.Bf3 Qb8 12.Nxc6 Bxc6 13.Bxc6 dxc6 14.Qf3 Qc7 15.Ne2 Rad8
16.Nd4 Rd6 17.Qe2 c5 18.Nf3 Qb7 19.Rfd1 Rfd8 20.Rxd6 Rxd6 21.Rd1 Rxd1+ 22.Qxd1 Nd7
23.Qd3 f6 24.e4 Nb8 25.Ne1 Nc6 26.Nc2 Qc7 27.g3 Qd6 28.Qe2 Ne5 29.Bc3 Qd3
30.Qxd3 Nxd3 31.Bd2 Ne5 32.Kg2 Kf7 33.f4 Nc6 34.Bc3 g6 35.Ne1 f5 36.Kf3 Bf6
37.e5 Be7 38.Nd3 Ke8 39.Nb2 Kd7 40.Na4 Kc7 41.Nb2 h5 42.Nd3 Kd7 43.h3 Ke8
44.g4 hxg4+ 45.hxg4 Kd7 46.g5 Bf8 47.Ke3 Be7 48.Kd2 Bf8 49.Ne1 Be7 50.Nf3 Ke8
51.Kc2 Bf8 52.Kb2 Be7 53.Nh4 Kf7 54.Ka3 Bd8 55.Ka4 Na7 56.Bd2 Bc7 57.Nf3 Ke8
58.b4 cxb4 59.Kxb4 Nc6+ 60.Ka4 Bd8 61.Be3 Na5 62.Kb4 Be7+ 63.Kc3 Bc5 64.Bd4 Nb7
65.Nd2 Kd7 66.Nf3 Ke7 67.Kd3 Bxd4 68.Kxd4 Nc5  1/2-1/2

[Event "Amber-blind 3rd"]
[Site "Monte Carlo"]
[Date "1994.??.??"]
[Round "8"]
[White "Kortschnoj, Viktor"]
[Black "Ivanchuk, Vassily"]
[Result "0-1"]
[WhiteElo "2615"]
[BlackElo "2710"]

1.d4 d5 2.c4 c6 3.e3 Nf6 4.Qc2 Bg4 5.Nc3 e6 6.Bd3 Nbd7 7.Nge2 Bh5 8.cxd5 cxd5
9.Qb3 Rb8 10.Ng3 Bg6 11.Bxg6 hxg6 12.e4 Nb6 13.e5 Nfd7 14.Nge2 Nc4 15.g3 b5
16.O-O Be7 17.Kg2 Qc7 18.h4 Qc6 19.f4 Nc5 20.Qc2 b4 21.Nd1 b3 22.axb3 Nxb3
23.Rxa7 Nxe5 24.Qxc6+ Nxc6 25.Ra4 O-O 26.Rf3 Bf6 27.Rd3 Nxc1 28.Nxc1 Ra8
29.Rxa8 Rxa8 30.Ne2 Ra4 31.b3 Rb4 32.Ne3 Nxd4 33.Nxd4 Rxd4 34.Rxd4 Bxd4 35.Nc2 Bc3
36.Kf3 Kf8 37.Ke3 Ke7 38.Kd3 Bb2 39.b4 Kd6 40.Ne3 Kc6 41.Kc2 Bd4 42.Nf1 Kb5  0-1

[Event "Amber-rapid 3rd"]
[Site "Monte Carlo"]
[Date "1994.??.??"]
[Round "10"]
[White "Ivanchuk, Vassily"]
[Black "Ljubojevic, Ljubomir"]
[Result "1-0"]
[WhiteElo "2710"]
[BlackElo "2600"]

1.e4 e5 2.Nf3 Nc6 3.Bb5 a6 4.Ba4 Nf6 5.O-O Nxe4 6.d4 b5 7.Bb3 d5 8.dxe5 Be6
9.c3 Be7 10.Nbd2 O-O 11.Bc2 f5 12.Nd4 Nxd4 13.cxd4 c5 14.dxc5 Nxd2 15.Bxd2 Bxc5
16.Bb3 Qb6 17.Qf3 Rad8 18.Rac1 Bd4 19.Bb4 Rf7 20.Bd6 Bxb2 21.Rc2 Bd4 22.Rfc1 b4
23.Bc7 Rxc7 24.Rxc7 Bc3 25.R1xc3 bxc3 26.Qxc3 Re8 27.Qc6 Qb5 28.h4 h6 29.Qd6 Kh7
30.Ra7 Qe2 31.Qc7 Rg8 32.Qc3 Qg4 33.Qg3 Qe2 34.Re7 Bc8 35.Kh2 Qe4 36.f4 Qb4
37.Rc7 Qb6 38.Rc2 Rd8 39.h5 a5 40.Ba4 Bd7 41.Bxd7 Rxd7 42.Qd3 Qe6 43.g4 Rf7
44.Rc5 g6 45.Rxd5 fxg4 46.Rd6 Qxa2+ 47.Kg3 Rg7 48.hxg6+ Kh8 49.Rd8+ Rg8 50.g7+ Kxg7
51.Rd7+ Kf8 52.Qd6+ Ke8  1-0

[Event "Amber-blind 3rd"]
[Site "Monte Carlo"]
[Date "1994.??.??"]
[Round "10"]
[White "Ljubojevic, Ljubomir"]
[Black "Ivanchuk, Vassily"]
[Result "1-0"]
[WhiteElo "2600"]
[BlackElo "2710"]

1.e4 c5 2.Nf3 d6 3.Nc3 Nc6 4.d4 cxd4 5.Nxd4 Nf6 6.Bc4 e6 7.Bb3 a6 8.Be3 Qc7
9.Qe2 Na5 10.g4 b5 11.g5 Nd7 12.h4 Bb7 13.f3 Nc4 14.Bxc4 Qxc4 15.Qxc4 bxc4
16.h5 Be7 17.O-O-O O-O 18.Rhg1 Rfe8 19.Nde2 Rac8 20.Nf4 Bf8 21.a3 Rc7 22.Rg3 Ba8
23.Kb1 Ne5 24.Ka2 Rb7 25.Bc1 Rc7 26.Ng2 Nd7 27.Ne3 Be7 28.Ng4 f5 29.exf5 exf5
30.Nf2 Bf8 31.Nh3 Ne5 32.Nd5 Bxd5 33.Rxd5 Rc5 34.Rd1 Nc6 35.Nf4 Ree5 36.Bd2 d5
37.Bc3 Bd6 38.Rg2 Rb5 39.Rgd2 d4 40.Bxd4 Re8 41.Ne2 Reb8 42.Bc3 Be5 43.Bxe5 Nxe5
44.Rd8+ Rxd8 45.Rxd8+ Kf7 46.Nd4 Rc5 47.Rd6 a5 48.f4 Ng4 49.Rd7+  1-0

[Event "PCA/Intel-GP"]
[Site "Moscow"]
[Date "1994.??.??"]
[Round "1"]
[White "Ivanchuk, Vassily"]
[Black "Azmaiparashvili, Zurab"]
[Result "1/2-1/2"]
[WhiteElo "2710"]
[BlackElo "2625"]

1.d4 Nf6 2.c4 e6 3.Nf3 d5 4.Nc3 Be7 5.Bg5 h6 6.Bh4 O-O 7.e3 b6 8.Be2 Bb7
9.Rc1 Nbd7 10.cxd5 exd5 11.O-O c5 12.Qc2 Ne4 13.Bxe7 Qxe7 14.dxc5 Nxc3 15.Qxc3 bxc5
16.Rfd1 Rab8 17.Qa3 Ba8 18.Rc2 Qf6 19.Ne1 Qb6 20.h3 Rfd8 21.Bg4 d4 22.Bxd7 Rxd7
23.Qxc5 Qg6 24.Rcd2 d3 25.Rxd3 Rxd3 26.Rxd3 Bxg2 27.Rd6 Qb1 28.Kxg2 Qxe1
29.Qxa7 Qb4 30.Qe7 Qxb2 31.Rd8+ Rxd8 32.Qxd8+ Kh7 33.Qd5 Qf6 34.Qe4+ g6 35.h4 Qd8
36.a4 Kg8 37.Qd4 Qa8+ 38.Kg1 Qa5 39.Kf1 g5 40.hxg5 Qxg5 41.Qe4 Qd8 42.Qg4+ Kh7
43.Qf5+ Kg7 44.a5 Qd1+ 45.Kg2 Qd6 46.e4 Qg6+ 47.Kf3 Qf6 48.a6 Qb6 49.Qc8 Qd4
50.Qb7 Qd6 51.a7 h5 52.Qc8 h4 53.e5 Qb6 54.Qh3 Qc6+  1/2-1/2

[Event "Moscow ol (Men)"]
[Site "Moscow"]
[Date "1994.??.??"]
[Round "13"]
[White "Lautier, Joel"]
[Black "Ivanchuk, Vassily"]
[Result "1/2-1/2"]
[WhiteElo "2645"]
[BlackElo "2695"]

1.c4 e6 2.Nc3 d5 3.d4 Be7 4.cxd5 exd5 5.Bf4 Nf6 6.e3 Bf5 7.Nge2 O-O 8.Ng3 Be6
9.Bd3 c5 10.dxc5 Nc6 11.O-O Bxc5 12.Rc1 d4 13.Nce4 Be7 14.Nc5 Bxc5 15.Rxc5 dxe3
16.Bxe3 Nb4 17.Bf5 Bxa2 18.Qxd8 Rfxd8 19.Rb5 Nbd5 20.Rxb7 Nxe3 21.fxe3 Rdb8
22.Rxb8+ Rxb8 23.Rc1 g6 24.Rc8+ Rxc8 25.Bxc8 Kf8 26.Ne2 Nd5 27.Kf2 Nb4 28.Nc1 Bd5
29.Bg4 Ke7 30.Bf3 Kd6 31.Ke2 Bc4+ 32.Kd2 Kc5 33.Kc3 f6 34.Nb3+  1/2-1/2

[Event "Munich SKA"]
[Site "Munich"]
[Date "1994.??.??"]
[Round "6"]
[White "Jussupow, Artur"]
[Black "Ivanchuk, Vassily"]
[Result "1/2-1/2"]
[WhiteElo "2655"]
[BlackElo "2710"]

1.d4 d5 2.c4 c6 3.Nc3 Nf6 4.cxd5 cxd5 5.Bf4 Nc6 6.e3 Bf5 7.Nf3 e6 8.Qb3 Qb6
9.Qxb6 axb6 10.Bb5 Bb4 11.Ne5 Ne4 12.Nxc6 Nxc3 13.Nxb4+ Nxb5 14.Kd2 Kd7 15.Rhc1 Rhc8
16.a3 Na7  1/2-1/2

[Event "Munich SKA"]
[Site "Munich"]
[Date "1994.??.??"]
[Round "8"]
[White "Ivanchuk, Vassily"]
[Black "Gelfand, Boris"]
[Result "1/2-1/2"]
[WhiteElo "2710"]
[BlackElo "2685"]

1.e4 c5 2.Nc3 d6 3.g3 Nc6 4.Bg2 g6 5.f4 Bg7 6.Nf3 e6 7.Ne2 Nge7 8.O-O O-O
9.c3 f5 10.d3 b6 11.Be3 Qd7 12.h3 Bb7 13.a3 Rae8 14.Qa4 Ne5 15.Qxd7 Nxd7
16.Ng5 Nc8 17.Rfe1 h6 18.Nf3 c4 19.dxc4 Bxe4 20.Nfd4 Nc5 21.Bxe4 Nxe4 22.a4 Rf7
23.Kg2 e5 24.Nc2 Rc7 25.b3 Rce7 26.h4 Nc5 27.Rab1 Kh7 28.Kf3 Ne4 29.fxe5 dxe5
30.Rbd1 Ncd6 31.Bc1 Nb7 32.Ba3 Rf7 33.Rd5 Nbc5 34.Rb1 Nf6 35.Rdd1 Nd3 36.Ne3 e4+
37.Kg2 Nd7 38.Rf1 N7e5 39.h5 Nf3 40.hxg6+ Kxg6 41.Rbd1 Kh7 42.Nd5 Re6 43.Nef4 Nxf4+
44.Nxf4 Rc6 45.Ne2 Be5 46.Bc1 Rg6 47.Bf4 Bxf4 48.Nxf4 Rg5 49.Rh1 Ne5 50.Rd6 Ng4
51.Kf1  1/2-1/2

[Event "PCA/Intel-GP"]
[Site "New York"]
[Date "1994.??.??"]
[Round "1"]
[White "Ivanchuk, Vassily"]
[Black "Tiviakov, Sergei"]
[Result "1/2-1/2"]
[WhiteElo "2695"]
[BlackElo "2640"]

1.g3 Nf6 2.Bg2 d5 3.d3 c5 4.f4 Nc6 5.Nf3 g6 6.O-O Bg7 7.Nc3 O-O 8.e4 dxe4
9.dxe4 Qxd1 10.Rxd1 e5 11.Nd5 Bg4 12.Nxf6+ Bxf6 13.c3 Rad8 14.Be3 b6 15.h3 Be6
16.Kf2 Rxd1 17.Rxd1 Rd8 18.Rxd8+ Bxd8 19.a3 exf4 20.gxf4 Na5 21.Nd2 Bh4+
22.Ke2 Nc4 23.Nxc4 Bxc4+ 24.Kd2 Kf8 25.b4 cxb4 26.cxb4 Ke7 27.Bd4 Kd7 28.Kc3 Bb5
29.Kd2 Bd8 30.Ke3 a5 31.bxa5 bxa5 32.Bc5 Bc7 33.e5 Bc6 34.Bf1 Bd5 35.Kd4 Be6
36.Ba7 Kc6 37.Bg2+ Kb5 38.Bc5 Bd8 39.Bf1+ Kc6 40.Bg2+ Kd7 41.Bd6 Bb6+ 42.Bc5 Bc7
43.Bf8 Bb6+ 44.Bc5 Bd8  1/2-1/2

[Event "Tilburg rapid20"]
[Site "Tilburg"]
[Date "1994.??.??"]
[Round "2"]
[White "Smyslov, Vassily"]
[Black "Ivanchuk, Vassily"]
[Result "1-0"]
[WhiteElo "2510"]
[BlackElo "2695"]

1.e4 e5 2.Nf3 Nc6 3.Bb5 a6 4.Ba4 Nf6 5.d3 d6 6.c3 g6 7.Nbd2 Bg7 8.O-O O-O
9.Re1 Nd7 10.h3 Nc5 11.Bc2 f5 12.exf5 Bxf5 13.Ne4 Ne6 14.Ng3 Qd7 15.Nxf5 gxf5
16.Bb3 d5 17.c4 d4 18.Ba4 Qd6 19.Bxc6 bxc6 20.Bd2 Rae8 21.b4 Kh8 22.Qb3 c5
23.b5 axb5 24.cxb5 Bf6 25.Re2 Ng7 26.Rae1 Re7 27.a4 Rfe8 28.Ng5 Qd7 29.a5 h6
30.Nf3 e4 31.Nh2 e3 32.fxe3 dxe3 33.Bc1 Bd4 34.Nf3 f4 35.Ba3 Nf5 36.a6 Ng3
37.Nxd4 cxd4 38.Bxe7 Qxe7 39.Qd5 Qb4 40.a7 Qa4 41.Ra2 Qb4 42.Raa1  1-0

[Event "Tilburg rapid20"]
[Site "Tilburg"]
[Date "1994.??.??"]
[Round "4"]
[White "Azmaiparashvili, Zurab"]
[Black "Ivanchuk, Vassily"]
[Result "1/2-1/2"]
[WhiteElo "2625"]
[BlackElo "2695"]

1.c4 g6 2.d4 Nf6 3.Nc3 d5 4.Nf3 Bg7 5.Qb3 dxc4 6.Qxc4 O-O 7.Bf4 c6 8.e3 Qa5
9.Qa4 Qxa4 10.Nxa4 Nbd7 11.Rc1 Re8 12.Nc3 Nb6 13.Be2 Nfd5 14.Nxd5 Nxd5 15.Bg3 Bg4
16.Ne5 Bxe2 17.Kxe2 e6 18.Nc4 Red8 19.a3 Bf8 20.Na5 Rd7 21.Nb3 a5 22.Nc5 Bxc5
23.dxc5 f5 24.Rhd1 Kf7 25.Be5 Rad8 26.b3 Nf6 27.Rxd7+ Rxd7 28.Bc3 a4 29.bxa4 Ne4
30.Bb4 e5 31.f3 Nf6 32.Rb1 Ke6 33.Bc3 g5 34.a5 Nd5 35.Bd2 h5 36.a4 g4 37.a6 bxa6
38.Rb8 gxf3+ 39.gxf3 Rg7 40.Kf2 h4 41.Rh8 Rb7 42.Rxh4 Rb2 43.Ke1 Rc2 44.Rh6+ Nf6
45.e4 f4 46.Ba5 Kf7 47.Bd8 Nd7 48.Rxc6 Nxc5 49.Kd1 Rc4 50.Bc7 Nxa4 51.Rxc4 Nb2+
52.Kc2 Nxc4 53.Kc3 Ne3 54.Bxe5 Ng2 55.Kd3 a5 56.Ke2 a4 57.Kf2 Ke6 58.Bb2 Nh4
59.Ke2 Ng2 60.Bc1 Ke5 61.Ba3 Ke6 62.Bb2 Nh4 63.Kf2 Ng6 64.Bc1 Ke5 65.Ba3 Ke6
66.Bc1 Ke5 67.Bb2+ Ke6 68.Bc1 Ke5 69.Ba3 Ke6 70.Bb4 Nh4 71.Ke2 Ng6 72.Ba3 Nh4
73.Bc1 Ke5 74.h3 Ng6 75.Kd3 Nh4 76.Bb2+ Ke6 77.Ke2 Ng2 78.Bc1 Ke5 79.Kf2 Nh4
80.Ba3 Ke6 81.Bb4 Ng6 82.Ke2 Nh4 83.Bd2 a3 84.Bc3 a2 85.Bb2 Ng2 86.Kd2 Nh4
87.Ke2 Ng2 88.Kd2  1/2-1/2

[Event "Belgrade Invest"]
[Site "Belgrade"]
[Date "1995.??.??"]
[Round "4"]
[White "Ivanchuk, Vassily"]
[Black "Timman, Jan H"]
[Result "1/2-1/2"]
[WhiteElo "2740"]
[BlackElo "2590"]

1.Nf3 Nf6 2.d4 e6 3.g3 b5 4.Bg2 Bb7 5.Bg5 Be7 6.c3 c5 7.O-O Na6 8.e3 O-O
9.Nbd2 h6 10.Bxf6 Bxf6 11.Qe2 Qb6 12.a4 b4 13.Rfc1 d5 14.a5 Qd6 15.e4 dxe4
16.Nxe4 Bxe4 17.Qxe4 bxc3 18.bxc3 Rac8 19.Ne5  1/2-1/2

[Event "Belgrade Invest"]
[Site "Belgrade"]
[Date "1995.??.??"]
[Round "8"]
[White "Miladinovic, Igor"]
[Black "Ivanchuk, Vassily"]
[Result "1/2-1/2"]
[WhiteElo "2555"]
[BlackElo "2740"]

1.d4 e6 2.c4 d5 3.Nc3 c6 4.cxd5 exd5 5.Nf3 Bf5 6.g3 Be7 7.Bg2 Nd7 8.O-O h6
9.h3 Ngf6 10.Bf4 O-O 11.Ne5 Bh7 12.g4 Qb6 13.Na4 Qb5 14.Nxd7 Nxd7 15.b3 Rae8
16.a3 f5 17.e3 fxg4 18.hxg4 Qd3 19.Qxd3 Bxd3 20.Rfc1 Be2 21.b4 Rf6 22.Bg3 Bxg4
23.b5 Kh8 24.bxc6 bxc6 25.Rc3 Nb6 26.Nb2 Bd7 27.Rac1 Ref8 28.a4 Bd6  1/2-1/2

[Event "Dortmund"]
[Site "Dortmund"]
[Date "1995.??.??"]
[Round "3"]
[White "Ivanchuk, Vassily"]
[Black "Karpov, Anatoly"]
[Result "1/2-1/2"]
[WhiteElo "2740"]
[BlackElo "2775"]

1.e4 c6 2.d4 d5 3.Nd2 dxe4 4.Nxe4 Nd7 5.Bc4 Ngf6 6.Nxf6+ Nxf6 7.c3 Qc7 8.Qf3 Bg4
9.Qg3 Qxg3 10.hxg3 Bf5 11.Ne2 e6 12.f3 Nd5 13.g4 Bg6 14.Nf4 Nxf4 15.Bxf4 Kd7
16.Ke2 Bd6 17.Bxd6 Kxd6  1/2-1/2

[Event "Dortmund"]
[Site "Dortmund"]
[Date "1995.??.??"]
[Round "5"]
[White "Ivanchuk, Vassily"]
[Black "Lobron, Eric"]
[Result "1/2-1/2"]
[WhiteElo "2740"]
[BlackElo "2595"]

1.e4 c5 2.Nf3 e6 3.c3 d5 4.exd5 exd5 5.d4 Nc6 6.Bb5 Bd6 7.dxc5 Bxc5 8.O-O Ne7
9.Nbd2 O-O 10.Nb3 Bb6 11.Re1 Nf5 12.Bd3 h6 13.Bc2 Qd6 14.Qd3 Rd8 15.Be3 Bxe3
16.fxe3 g6 17.e4  1/2-1/2

[Event "Dortmund"]
[Site "Dortmund"]
[Date "1995.??.??"]
[Round "6"]
[White "Short, Nigel D"]
[Black "Ivanchuk, Vassily"]
[Result "1/2-1/2"]
[WhiteElo "2645"]
[BlackElo "2740"]

1.e4 c6 2.d4 d5 3.e5 Bf5 4.Nf3 e6 5.Be2 c5 6.Be3 Nd7 7.c4 Ne7 8.Nc3 dxc4
9.Bxc4 Nc6 10.d5 exd5 11.Bxd5 Nb6 12.Be4 Bxe4 13.Nxe4 Nc4 14.Qb3 Qa5+ 15.Bd2 Nxd2
16.Nexd2 Qb4 17.Qc2 Be7 18.O-O O-O 19.a3 Nd4 20.Nxd4 Qxd4 21.Nf3 Qg4 22.h3 Qe6
23.a4 Rfd8  1/2-1/2

[Event "Amber-rapid 4th"]
[Site "Monte Carlo"]
[Date "1995.??.??"]
[Round "3"]
[White "Karpov, Anatoly"]
[Black "Ivanchuk, Vassily"]
[Result "1-0"]
[WhiteElo "2780"]
[BlackElo "2700"]

1.d4 Nf6 2.c4 e6 3.Nf3 b6 4.g3 Bb7 5.Bg2 Be7 6.Nc3 O-O 7.O-O Ne4 8.Qc2 Nxc3
9.Qxc3 c5 10.Rd1 d6 11.b3 Nd7 12.Bb2 Bf6 13.Qc2 Qc7 14.e4 cxd4 15.Nxd4 a6
16.Rd2 Rac8 17.Qd1 Rfe8 18.h4 Qb8 19.Qg4 Ba8 20.Rad1 b5 21.cxb5 axb5 22.Qe2 Rc5
23.b4 Rc4 24.a3 Rec8 25.Kh2 g6 26.Bh3 Qb7 27.f3 Ne5 28.Nb3 Rc3 29.Bxc3 Rxc3
30.Nd4 Rxa3 31.Bg2 Nc4 32.Ra2 Qb6 33.Rxa3 Nxa3 34.Qa2 Bxd4 35.Qxa3 Bc6 36.Qa5 d5
37.Qxb6 Bxb6 38.f4 d4 39.e5 Bd7 40.Ra1 Kf8 41.Ra6 Bd8 42.Rd6  1-0

[Event "Amber-blind 4th"]
[Site "Monte Carlo"]
[Date "1995.??.??"]
[Round "10"]
[White "Shirov, Alexei"]
[Black "Ivanchuk, Vassily"]
[Result "1/2-1/2"]
[WhiteElo "2710"]
[BlackElo "2700"]

1.e4 e5 2.Nf3 Nc6 3.Bb5 Nf6 4.O-O Nxe4 5.Re1 Nd6 6.Nxe5 Be7 7.Bd3 O-O 8.Nc3 Nxe5
9.Rxe5 c6 10.b3 Ne8 11.Qf3 d5 12.Bb2 Bf6 13.Re2 Nc7 14.Na4 Bxb2 15.Nxb2 Ne6
16.c3 Qd6 17.Rae1 Bd7 18.Bb1 Rae8 19.d4 Nf4 20.Re3 g6 21.b4 Rxe3 22.fxe3 Nh5
23.e4 dxe4 24.Bxe4 Qe6 25.Ra1 Re8 26.Bd3 Qf6 27.Rf1 Qxf3 28.Rxf3 Be6 29.Bc4 Bd5
30.Bxd5 cxd5 31.g4 Ng7 32.Nd3 Ne6 33.h4 h6 34.Kf2 Kg7 35.a4 Re7 36.Re3 Kf6
37.Nf4 Rd7 38.Nxe6 fxe6 39.g5+ hxg5 40.hxg5+ Kxg5 41.Rxe6 Kf5 42.Re8 Kf4
43.Rf8+ Ke4 44.Rf3 g5 45.Re3+ Kf4 46.Rf3+ Kg4 47.Rg3+ Kh4 48.Re3 Rc7 49.Re5 Rxc3
50.Rxd5 Rc2+ 51.Ke3 g4 52.Rd7 g3 53.Rxb7 g2 54.Kf3 Kg5 55.Rg7+ Kf5 56.a5 Rb2
57.Rxg2 Rb3+ 58.Kf2 Rb2+ 59.Kf3 Rb3+ 60.Kf2 Rb2+ 61.Kf3  1/2-1/2

[Event "PCA/Intel-GP"]
[Site "Moscow"]
[Date "1995.??.??"]
[Round "?"]
[White "Ivanchuk, Vassily"]
[Black "Kortschnoj, Viktor"]
[Result "1-0"]
[WhiteElo "2700"]
[BlackElo "2635"]

1.c4 e5 2.Nc3 Nc6 3.g3 g6 4.Bg2 Bg7 5.Nf3 d6 6.O-O h6 7.Rb1 a5 8.a3 Nd4 9.b4 axb4
10.axb4 Nxf3+ 11.Bxf3 f5 12.d4 e4 13.Bg2 Be6 14.f3 exf3 15.Bxf3 Bxc4 16.Bxb7 Rb8
17.Bd5 Bxd5 18.Nxd5 Ne7 19.Nf4 Qd7 20.d5 c6 21.e4 cxd5 22.exd5 Qa7+ 23.Kh1 Qb7
24.Bb2 Bxb2 25.Rxb2 g5 26.Nh5 Qxd5+ 27.Qxd5 Nxd5 28.Rxf5 Nxb4 29.Nf6+ Kd8
30.Ne4 Ke7 31.Re2 Nc6 32.Nxg5+ Ne5 33.Nf7 Rhf8 34.Nxd6 Rxf5 35.Nxf5+ Kf6
36.Nxh6 Rb5 37.Re4 Rb1+ 38.Kg2 Rb2+ 39.Kh3 Nd3 40.Ng4+ Kf5 41.Rd4 Ne1 42.Rf4+ Kg5
43.Ne5 Rb3 44.Rf8 Nc2 45.Nf3+ Kg6 46.Rf4 Ne3 47.Re4 Ra3 48.g4 Nd5 49.Kg3 Nf6
50.Rd4 Ra5 51.h4 Rb5 52.Rd3 Ra5 53.Re3 Ra4 54.Ne5+ Kg7 55.Rb3 Re4 56.Rb7+ Kg8
57.Rb5 Kg7 58.Kf3 Ra4 59.h5 Kh6 60.Rb6 Kg5 61.Nf7+ Kh4 62.Rxf6 Rxg4 63.h6 Rg3+
64.Kf4 Rg4+ 65.Ke5 Rg1 66.h7 Re1+ 67.Kd6 Rd1+ 68.Ke7 Re1+ 69.Re6 Rg1 70.h8=Q+ Kg3
71.Rg6+ Kf2 72.Rxg1 Kxg1 73.Qh3 Kf2 74.Ne5 Ke2 75.Qf3+ Kd2 76.Kd6 Kc2 77.Kc5 Kd2
78.Kc4 Kc1 79.Kc3 Kb1 80.Qe2 Ka1 81.Qb2+  1-0

[Event "PCA/Intel-GP"]
[Site "Moscow"]
[Date "1995.??.??"]
[Round "?"]
[White "Ivanchuk, Vassily"]
[Black "Anand, Viswanathan"]
[Result "1/2-1/2"]
[WhiteElo "2700"]
[BlackElo "2715"]

1.Nf3 g6 2.e4 Bg7 3.d4 d6 4.Bc4 Nf6 5.Qe2 O-O 6.O-O Bg4 7.Nbd2 Nc6 8.c3 e5
9.h3 Bxf3 10.Nxf3 exd4 11.cxd4 d5 12.exd5 Nxd5 13.Rd1 Qd6 14.Qe4 Nce7 15.Bg5 c6
16.Rac1 h6 17.Bd2 Rfe8 18.Re1 Nf6 19.Qe5 Nf5 20.Qxd6 Nxd6 21.Bb3 Rad8 22.Ne5 Nd5
23.Bxd5 cxd5 24.Rc7 Nc4 25.Nxc4 Rxe1+ 26.Bxe1 dxc4 27.Rxb7 Bxd4 28.Kf1 g5
29.f3 Rd6 30.Ke2 Kg7 31.Rb4 Ra6 32.a4 Rb6 33.Rxb6 axb6 34.Kd1 Kf6 35.Kc2 Ke6
36.b4 h5 37.g4 hxg4 38.hxg4 Kd5 39.Bd2 Bf6 40.Be3 Bd8 41.Kc3 Bf6+ 42.Kd2 Bd8
43.Kc2 Kc6 44.Kc3 b5 45.a5 Bf6+ 46.Bd4 Bxd4+ 47.Kxd4 Kb7 48.Ke4 Ka7 49.Ke3 Kb7
50.Kd4 Ka7 51.Kc3  1/2-1/2